| 000 | 01320cam a2200385 a 4500 | ||
|---|---|---|---|
| 001 | 17316382 | ||
| 003 | ASAB | ||
| 005 | 20180827062637.0 | ||
| 007 | ta | ||
| 008 | 110819s2011 ii a b 001 0 eng d | ||
| 020 | _a978-81-7993-440-3 | ||
| 020 | _a8179934047 | ||
| 025 | _aI-E-2012-354167; 50-92 | ||
| 035 | _a(OCoLC)ocn754988875 | ||
| 035 | _a(OCoLC)754988875 | ||
| 037 | _aLibrary of Congress -- New Delhi Overseas Office | ||
| 040 |
_aDKAGE _beng _cASAB _dYDXCP _dDLC |
||
| 042 |
_alccopycat _alcode |
||
| 043 | _aa-ii--- | ||
| 050 | 0 | 0 |
_aTP359.B48 _bK58 2011 |
| 082 | 0 | 4 |
_a665.7760954 _223 |
| 100 | 1 |
_aKhoiyangbam, R. S. _91879 |
|
| 245 | 1 | 0 |
_aBiogas technology : _btowards sustainable development / _cR.S. Khoiyangbam, Navindu Gupta, Sushil Kumar. |
| 260 |
_aNew Delhi : _bThe Energy and Resources Institute, _cc2011. |
||
| 300 |
_axvi, 200 p. : _bill. ; _c25 cm. |
||
| 504 | _aIncludes bibliographical references (p. [181]-182) and indexes. | ||
| 650 | 0 |
_aBiogas _zIndia. _91880 |
|
| 650 | 0 |
_aSustainable development _zIndia. _91881 |
|
| 700 | 1 |
_aGupta, Navindu, _d1962- _91882 |
|
| 700 | 1 |
_aKumar, Sushil. _91883 |
|
| 710 | 2 |
_aEnergy and Resources Institute. _91884 |
|
| 906 |
_a7 _bcbc _ccopycat _d3 _encip _f20 _gy-gencatlg |
||
| 942 |
_2ddc _cBK |
||
| 999 |
_c480114 _d480114 |
||